000 00583nam a2200193Ia 4500
005 20260120124607.0
008 008 260114s9999 xx 000 0 eng d
020 _a9781848558984
037 _aEBOOK
040 _aCRL
_beng
_cCRL
041 _aeng
_2eng
084 _qCRL
245 0 _aBlack American Males in Higher Education: Diminishing Proportions
260 _bEmerald Publishing
_c2009
700 _aHenry T. Frierson
_9908173
856 _uhttps://www.emerald.com/insight/publication/doi/10.1108/S1479-3644(2009)6
942 _cEBOOK
999 _c1500062
_d1500062